000 00544nam a2200217Ia 4500
003 OSt
005 20220928145531.0
006 a|||||r|||| 00| 0
007 ta
008 220927b |||||||| |||| 00| 0 eng d
024 _a81044
037 _cTextual
040 _aSDCL
_cSDCL
_beng
041 _2eng
_aeng
082 _aO-,3N151,2, K8
100 _aBellow Saul
_9421919
245 0 _aMosby's memoirs and other stories.
260 _c1968
942 _hO-,3N151,2, K8
_cTEXL
_2CC
999 _c833921
_d833921